000 00443nam a2200181Ia 4500
005 20240823010135.0
008 240823s9999||||xx |||||||||||||| ||und||
041 _aENGLISH
082 _A621.3 N7
100 _aRai H M
245 0 _aElectrical Engineering Objective & Conventional
250 _a4th
260 _c1997
_b"Khanna,Delhi"
500 _aYES
650 _aElectrical Engineering
_bElectrical
942 _cBK
999 _c157757
_d157757